[Event "I Torneo internazionale A"]
[Site "Alghero ITA"]
[Date "2011.09.02"]
[Round "8"]
[White "Muhren, Bianca"]
[Black "Valsecchi, Alessio"]
[Result "0-1"]
[WhiteElo "2307"]
[BlackElo "2354"]
[PlyCount "110"]
[EventDate "2011.08.26"]

1. e4 e6 2. d4 d5 3. Nd2 Nf6 4. e5 Nfd7 5. Bd3 c5 6. c3 Nc6 7. Ne2 cxd4 8. cxd4
f6 9. Nf4 Nxd4 10. Qh5+ Ke7 11. exf6+ Nxf6 12. Ng6+ hxg6 13. Qxh8 Kf7 14. Qh4
e5 15. Nf3 Nxf3+ 16. gxf3 Bf5 17. Bxf5 gxf5 18. Bg5 Be7 19. O-O-O d4 20. Rhe1
Qd5 21. Qh3 Qxa2 22. Qxf5 g6 23. Qh3 d3 24. Rxd3 Qa1+ 25. Kc2 Qxe1 26. Bxf6
Qe2+ 27. Kc3 Bxf6 28. Qh7+ Kf8 29. Qxg6 Rc8+ 30. Kb3 Rc6 31. Qh6+ Bg7 32. Qd2
Rb6+ 33. Ka3 Qxd2 34. Rxd2 Ke7 35. b3 Rh6 36. Rc2 Rxh2 37. Rc7+ Kf6 38. Rxb7
Rxf2 39. Rxa7 Rxf3 40. Kb4 Bf8+ 41. Kc4 Rf4+ 42. Kd3 Rd4+ 43. Kc2 Bb4 44. Rh7
Rd2+ 45. Kc1 Rg2 46. Rh4 Bd2+ 47. Kd1 Bf4 48. b4 Rb2 49. Rg4 Kf5 50. Rg8 Ke4
51. Rc8 Kf3 52. Re8 e4 53. b5 e3 54. Kc1 Rxb5 55. Kd1 Rd5+ 0-1

[Event "I Torneo internazionale A"]
[Site "Alghero ITA"]
[Date "2011.09.03"]
[Round "9"]
[White "Ulibin, Mikhail"]
[Black "Brunello, Sabino"]
[Result "1/2-1/2"]
[WhiteElo "2538"]
[BlackElo "2552"]
[PlyCount "98"]
[EventDate "2011.08.26"]

1. e4 c6 2. d4 d5 3. exd5 cxd5 4. Bd3 Nc6 5. c3 Qc7 6. h3 e6 7. Nf3 Bd6 8. O-O
h6 9. Re1 Nge7 10. b4 a6 11. a4 O-O 12. Ra2 f6 13. Bc2 e5 14. Bb3 e4 15. Rxe4
Bf5 16. Nbd2 Bxe4 17. Nxe4 Kh8 18. Nxd6 Qxd6 19. Qd3 Rfe8 20. Re2 f5 21. Bd2
Qf6 22. g3 Rad8 23. h4 Rf8 24. Kg2 Ng8 25. Bf4 Nge7 26. Re1 Rfe8 27. h5 Qf7 28.
Rh1 Nc8 29. Bc2 Nd6 30. Nh4 Ne7 31. Bxd6 Rxd6 32. g4 Rc8 33. Re1 Re6 34. Rxe6
Qxe6 35. gxf5 Qf6 36. Kh3 Kg8 37. Qe3 Kf8 38. b5 axb5 39. axb5 b6 40. Ng6+ Nxg6
41. fxg6 Re8 42. Qg3 Re1 43. Qb8+ Re8 44. Qg3 Re2 45. Bd1 Re4 46. Qb8+ Re8 47.
Qg3 Re4 48. Qb8+ Re8 49. Qg3 Re4 1/2-1/2

[Event "I Torneo internazionale A"]
[Site "Alghero ITA"]
[Date "2011.09.03"]
[Round "9"]
[White "Sprenger, Jan Michael"]
[Black "Vocaturo, Daniele"]
[Result "0-1"]
[WhiteElo "2515"]
[BlackElo "2537"]
[PlyCount "80"]
[EventDate "2011.08.26"]

1. e4 e5 2. Nf3 Nc6 3. Bb5 a6 4. Ba4 Nf6 5. O-O Be7 6. Re1 b5 7. Bb3 d6 8. c3
O-O 9. d4 Bg4 10. Be3 exd4 11. cxd4 Na5 12. Bc2 Nc4 13. Bc1 c5 14. b3 Nb6 15.
Nbd2 Nfd7 16. h3 Bh5 17. Bb2 Rc8 18. a4 c4 19. bxc4 Nxc4 20. Bc1 Nxd2 21. Bxd2
Bxf3 22. gxf3 Bf6 23. Be3 Nb6 24. axb5 axb5 25. Qd3 g6 26. e5 Bg7 27. Rab1 Nc4
28. f4 Qd7 29. Kh2 Rfd8 30. Qb3 dxe5 31. fxe5 Nxe3 32. Rxe3 Qxd4 33. e6 fxe6
34. Qxe6+ Kh8 35. Bb3 Rf8 36. Kg2 Qf4 37. Rf1 Bd4 38. Rd3 Be5 39. Rg3 Rc3 40.
Qg4 Qxg4 0-1

[Event "I Torneo internazionale A"]
[Site "Alghero ITA"]
[Date "2011.09.03"]
[Round "9"]
[White "Collutiis, Duilio"]
[Black "Gleizerov, Evgeny"]
[Result "1-0"]
[WhiteElo "2468"]
[BlackElo "2590"]
[PlyCount "51"]
[EventDate "2011.08.26"]

1. Nf3 e6 2. g3 f5 3. Bg2 Nf6 4. O-O Be7 5. c4 O-O 6. Nc3 c6 7. d3 d6 8. b4 Na6
9. Rb1 Kh8 10. b5 cxb5 11. Nxb5 Nc5 12. Nc3 Rb8 13. Nd4 Bd7 14. e4 fxe4 15.
dxe4 a6 16. Qe2 Qc7 17. Kh1 Rbe8 18. f4 Bc8 19. Bb2 b6 20. g4 Bb7 21. g5 Nfd7
22. Qh5 Bd8 23. Ncb5 axb5 24. Nxb5 Nxe4 25. Nxc7 Bxc7 26. Rbe1 1-0

[Event "I Torneo internazionale A"]
[Site "Alghero ITA"]
[Date "2011.09.03"]
[Round "9"]
[White "Rombaldoni, Denis"]
[Black "Braga, Fernando Alberto"]
[Result "1-0"]
[WhiteElo "2495"]
[BlackElo "2447"]
[PlyCount "103"]
[EventDate "2011.08.26"]

1. d4 Nf6 2. c4 c5 3. d5 b5 4. Nd2 bxc4 5. e4 c3 6. bxc3 g6 7. Ngf3 Bg7 8. Rb1
O-O 9. Bd3 d6 10. O-O Nh5 11. c4 Nf4 12. Bc2 e5 13. g3 Nh3+ 14. Kg2 Bg4 15. Qe1
Nd7 16. Ng1 Nxg1 17. Rxg1 Nb6 18. a4 Rb8 19. a5 Na8 20. Rxb8 Qxb8 21. Nf1 Nc7
22. Ne3 Bd7 23. Bd2 Na6 24. Qa1 Bh6 25. Rb1 Qc7 26. Ba4 f5 27. Bxd7 Qxd7 28.
exf5 Bxe3 29. Bxe3 Qxf5 30. Rb7 Rf7 31. Qb1 Qf3+ 32. Kg1 Nb4 33. Rxf7 Kxf7 34.
Qb3 a6 35. h4 Qf5 36. Bg5 Qd3 37. Qa4 Qb1+ 38. Kg2 Qe4+ 39. Kg1 Qe1+ 40. Kg2
Qe4+ 41. Kh2 Qf5 42. Be3 Nc2 43. g4 Qxg4 44. Qxc2 Qxh4+ 45. Kg2 Qg4+ 46. Kf1 h5
47. Qb3 Qe4 48. Ke1 Kf6 49. Kd2 Kf5 50. Qb8 Qxc4 51. Qc8+ Ke4 52. f3+ 1-0

[Event "I Torneo internazionale A"]
[Site "Alghero ITA"]
[Date "2011.09.03"]
[Round "9"]
[White "Valsecchi, Alessio"]
[Black "Piscopo, Pierluigi"]
[Result "1/2-1/2"]
[WhiteElo "2354"]
[BlackElo "2397"]
[PlyCount "23"]
[EventDate "2011.08.26"]

1. c4 e5 2. Nc3 Nf6 3. g3 d5 4. cxd5 Nxd5 5. Bg2 Nb6 6. Nf3 Nc6 7. O-O Be7 8.
a3 Be6 9. Rb1 O-O 10. b4 f6 11. d3 Re8 12. Ne4 1/2-1/2

[Event "I Torneo internazionale A"]
[Site "Alghero ITA"]
[Date "2011.09.03"]
[Round "9"]
[White "Guramishvili, Sopiko"]
[Black "Rombaldoni, Axel"]
[Result "1-0"]
[WhiteElo "2329"]
[BlackElo "2459"]
[PlyCount "49"]
[EventDate "2011.08.26"]

1. d4 e6 2. c4 b6 3. e4 Bb7 4. Bd3 f5 5. exf5 Bxg2 6. Qh5+ g6 7. fxg6 Bg7 8.
gxh7+ Kf8 9. Nf3 Nf6 10. Qg6 Bxf3 11. Rg1 Qe7 12. Qg3 Bh5 13. Bg5 Nc6 14. Nd2
Qf7 15. Qxc7 Ne8 16. Qg3 Nxd4 17. Be4 d5 18. Qa3+ Nd6 19. Qxd6+ Ke8 20. cxd5
exd5 21. Bxd5 Qd7 22. Qxd7+ Kxd7 23. Bxa8 Rxa8 24. Rc1 Ne2 25. Bh6 1-0

[Event "I Torneo internazionale A"]
[Site "Alghero ITA"]
[Date "2011.09.03"]
[Round "9"]
[White "De Jong, Jan-Willem"]
[Black "Magrini, Fabrizio"]
[Result "1-0"]
[WhiteElo "2424"]
[BlackElo "2167"]
[PlyCount "65"]
[EventDate "2011.08.26"]

1. d4 Nf6 2. c4 c5 3. d5 e6 4. Nc3 exd5 5. cxd5 d6 6. Nf3 g6 7. Bf4 a6 8. a4
Bg7 9. h3 O-O 10. e3 Re8 11. Be2 Qb6 12. Ra2 Nbd7 13. Nd2 Qc7 14. Nc4 Bf8 15.
O-O Nb6 16. Na3 Bd7 17. b3 Bg7 18. Qd2 Ne4 19. Nxe4 Rxe4 20. a5 Nc8 21. Nc4 Bb5
22. Rb1 f5 23. Bd3 Re8 24. b4 Bxc4 25. Bxc4 b5 26. axb6 Nxb6 27. Rc2 Nd7 28.
Rbc1 Be5 29. Bxe5 Rxe5 30. Bb3 a5 31. bxc5 Qb8 32. c6 Nb6 33. c7 1-0

[Event "I Torneo internazionale A"]
[Site "Alghero ITA"]
[Date "2011.09.03"]
[Round "9"]
[White "Ori, Marco"]
[Black "Ibba, Isacco"]
[Result "1/2-1/2"]
[WhiteElo "2130"]
[BlackElo "2191"]
[PlyCount "28"]
[EventDate "2011.08.26"]

1. e4 d5 2. exd5 Nf6 3. d4 Bg4 4. Be2 Bxe2 5. Qxe2 Qxd5 6. Nf3 Nc6 7. c4 Qe4 8.
Nc3 Qxe2+ 9. Kxe2 e6 10. Bf4 Bd6 11. Bg5 Be7 12. Rhd1 O-O-O 13. h3 h6 14. Be3
Bb4 1/2-1/2